000 00941nam a2200289 a 4500
005 20091211155542.0
008 011001s2002 nyua b 000 1 eng
020 _a0375812776
_c100.00
020 _a0375912770
_c100.00
037 _bBlueberry Books
040 _adpl
_bEnglish
082 _aS
100 _aGreenburg, J. C.
_q(Judith C.)
245 _aOn the dog /
_cby Judith Greenburg ; illustrated by Debbie Palen
260 _aNew York
_bRandom House
_c2002
300 _a78 p. :
_bill.
_c20 cm(pbk)
490 _aAndrew lost ;
_v1
500 _a"A Stepping stone book."
650 _aInventions
_vFiction.
650 _aSize
_vFiction.
650 _aDogs
_vFiction.
650 _aCousins
_vFiction.
700 _aPalen, Debbie
942 _2ddc
_cCH
_hS
_mGRE
999 _c32585
_d32585